01079nam a22003017a 4500003000500000005001700005008004100022010000900063011000900072035000900081040000900090082001600099100002600115245006500141260003100206300002000237500001100257590004100268590004100309590004200350650003700392711008500429901000700514942001000521949008300531999001500614952014800629CHAP20220329133415.0971013s1989 r 00010 d a6021 a6993 a6216 cCHAP a664.92bO3200aO'Grady, J. F.982353 aNew techniques in pig carcass evaluationb: symposium of ... aWageningen :bPudoc,c1989 a105 p.b: ilus. a60-163 aBATCH-UPDb10c20130110lUCH01h0050 aBATCH-UPDb10c20130110lUCH01h2205 aCONVERSIONb10c20130109lUCH01h130414aCarne de puerco en canal.9191880 aSymposium of the Commission on Pig Production (1988 : Helsinki, Finland)9110964 aBK cLIBRO a664.92 O32bBCcLIBROd33724000131926eLIBROgI.166706h83015i6216sit140.00 c6021d6021 00102local4052708GRALaBCbBCcPP_GRALd2019-12-31eI.166706fLIBROl0o664.92 O32p33724000131926r2019-12-31 00:00:00w2019-12-31yLIBRO